| 000 | 01294nam a22002537a 4500 | ||
|---|---|---|---|
| 005 | 20170124103218.0 | ||
| 010 | _aB-135674 | ||
| 020 |
_c680.00 _a8124602255 |
||
| 035 | _aB-135674 | ||
| 037 | _bCen Lib/Ret | ||
| 040 |
_aDPL _bHN |
||
| 082 |
_a230.1 _bश्रीदेव |
||
| 245 |
_aश्री देवनारायण कथा : _cसंपादक आदित्य मलिक _bमारवाड़ का पारम्परिक गायन / |
||
| 246 |
_aShri Devnarayana katha : marwad ka paramparik gayan / _bsampadak Aditya Malik |
||
| 260 |
_aनई दिल्ली _bडी.के.प्रिंटवर्ल्ड _c2003 |
||
| 270 |
_bनई दिल्ली _a'श्री कुंज' एफ-52, बाली नगर _e110015 |
||
| 300 |
_axiv,408पृ. : _c20सेमी(सजिल्द) _bसचित्र |
||
| 650 |
_aदेवानारायण (हिंदू देवता) - काव्य। _9100180 |
||
| 650 |
_aलोक गीत, राजस्थानी _943135 |
||
| 650 |
_aDevanārāyana (Hindu deity) -- Poetry. _9100181 |
||
| 650 |
_aFolk songs, Rajasthani. _943136 |
||
| 700 |
_aमलिक, आदित्य _9100182 |
||
| 942 |
_2ddc _cHN _h230.1 _mश्रीदेव |
||
| 999 |
_c121664 _d121664 |
||